000 00206nam a2200097Ia 4500
008 220204s9999 xx 000 0 und d
082 _a82-3
_bJON
100 _aJones, James
245 0 _aWhistle
942 _cBK
999 _c35763
_d35763